[Event "CZE-chT2E 0809"]
[Site "Czech Republic"]
[Date "2009.02.08"]
[Round "8.6"]
[White "Dolezel, Jiri"]
[Black "Navratilik, Pavel"]
[Result "0-1"]
[WhiteElo "2019"]
[BlackElo "2164"]
[PlyCount "96"]
[EventDate "2008.10.12"]
[EventType "team-tourn"]
[EventRounds "11"]
[EventCountry "CZE"]
[SourceTitle "EXT 2010"]
[Source "ChessBase"]
[SourceDate "2010.11.25"]
[SourceVersion "1"]
[SourceVersionDate "2010.11.25"]
[SourceQuality "1"]
[WhiteTeam "Sumperk"]
[BlackTeam "Holesov"]
[WhiteTeamCountry "CZE"]
[BlackTeamCountry "CZE"]

1. e4 c5 2. Nc3 e6 3. f4 g6 4. Nf3 Bg7 5. d4 cxd4 6. Nxd4 Ne7 7. Be3 0-0 8. Qd2 d5 9. e5 a6 10. a4 Bd7 11. Bd3 Nbc6 12. 0-0 Nf5 13. Nxf5 gxf5 14. Qf2 f6 15. Bb6 Qc8 16. exf6 Rxf6 17. Ne2 Rg6 18. c3 e5 19. fxe5 Nxe5 20. Bxf5 Bxf5 21. Qxf5 Qxf5 22. Rxf5 Rxb6 23. b4 Rf8 24. Nd4 Rxf5 25. Nxf5 Ng6 26. Nxg7 Kxg7 27. Rd1 Nf4 28. Kf2 Rd6 29. c4 Kf6 30. c5 Rd8 31. b5 Ne6 32. Rc1 Rc8 33. c6 bxc6 34. bxa6 c5 35. Rb1 Rc6 36. a7 Ra6 37. Rb7 h6 38. Rh7 Ke5 39. Ke2 Rxa4 40. h4 Ra6 41. Kd2 c4 42. h5 d4 43. g4 Ra2+ 44. Kc1 d3 45. Kb1 Ra4 46. Kb2 Nd4 47. Re7+ Kd6 48. Rh7 d2 0-1